<?xml version='1.0' encoding='UTF-8'?>
  <record xmlns="http://www.loc.gov/MARC21/slim">
    <leader>00000cam a22000007i 4500</leader>
    <controlfield tag="001">ocm65813666</controlfield>
    <controlfield tag="003">OCoLC</controlfield>
    <controlfield tag="005">20241207021401.1</controlfield>
    <controlfield tag="008">910624s1586    fr            000 0 ger d</controlfield>
    <datafield tag="040" ind1=" " ind2=" ">
      <subfield code="a">NLGGC</subfield>
      <subfield code="b">eng</subfield>
      <subfield code="e">rda</subfield>
      <subfield code="e">dcrmr</subfield>
      <subfield code="c">NLGGC</subfield>
      <subfield code="d">QGJ</subfield>
      <subfield code="d">OCL</subfield>
      <subfield code="d">OCLCO</subfield>
      <subfield code="d">OCLCA</subfield>
      <subfield code="d">OCLCL</subfield>
      <subfield code="d">QGJ</subfield>
      <subfield code="d">OCLCO</subfield>
    </datafield>
    <datafield tag="029" ind1="0" ind2=" ">
      <subfield code="a">NLGGC</subfield>
      <subfield code="b">084837209</subfield>
    </datafield>
    <datafield tag="035" ind1=" " ind2=" ">
      <subfield code="a">(OCoLC)65813666</subfield>
    </datafield>
    <datafield tag="245" ind1="0" ind2="0">
      <subfield code="a">Acta vnd Handlungen Der Kais. naher Strassburg verordneter Com[m]issarien, belangend der Euangel. Capitularn auss vnd abschaffung, inn zwey Theyl getheylet :</subfield>
      <subfield code="b">Jm Ersten Theyl ist begriffen, Was zwischen den Wolgebornen Rudolphen Graffen zu Helffensteyn, Freiherrn zu Gundelfingen &amp;c., Niclausen Freiherrn zu Pollweiler Herrn im Weilerthal, Landvogt im vntern Elsass &amp;c. vn[d] dem Hochgelehrten Cyriaco Růland der Rechten D. als Keis. Co[m]missarijs, vn[d] dan den Ehrwürd. Wolgeborne[n] Georgen von Sein, Graffen zu Witgenstein Herrn zu Homburg Thum[m]propst zu Cöln &amp;c. jetziger zeit Decanats Stathaltern des Hohen Stiffts Strassburg, Herman Adolphen Graffen zu Solms, Herrn zu Müntze[n]berg vn[d] Son[n]enwald, Ernsten Graffen vn[d] Herrn zu Manssfeld, vn[d] Johan Albrechten Graffen zu Solms, &amp;c der Ertz vn[d] Hoher Stifft Cöln, Trier, Würtzburg vnd Strassburg respectiue Thum[m]herren, für sich, als auch im namen jres abwesenden mit Capitularn Herrn Johansen Freyherrn zu Winnenberg vnd Beyelstein &amp;c. gehandelt worden. Jm Andern Theil würdt gefunden, Was zwischen gemeldten Kais. Commissarien vnd einem Ersamen Rhat des Heil. Rö. Reichs Freyen Statt Strassburg verhandelt worden, Sampt einem guten Nebenbericht auff ermeldter Commissarien vnd der Bäpstlichen Capitularen vbergeben Schrifften.</subfield>
    </datafield>
    <datafield tag="246" ind1="3" ind2=" ">
      <subfield code="a">Acta und Handlungen Der Kais. naher Strassburg verordneter Commissarien, belangend der Evangel. Capitularn auss und abschaffung, inn zwey Theyl getheylet</subfield>
    </datafield>
    <datafield tag="264" ind1=" " ind2="1">
      <subfield code="a">[Strasbourg] :</subfield>
      <subfield code="b">[Bernhard Jobin],</subfield>
      <subfield code="c">M.D.LXXXVI. [1586]</subfield>
    </datafield>
    <datafield tag="300" ind1=" " ind2=" ">
      <subfield code="a">[8], 201, [2] pages ;</subfield>
      <subfield code="c">20 cm (4to)</subfield>
    </datafield>
    <datafield tag="336" ind1=" " ind2=" ">
      <subfield code="a">text</subfield>
      <subfield code="b">txt</subfield>
      <subfield code="2">rdacontent</subfield>
    </datafield>
    <datafield tag="337" ind1=" " ind2=" ">
      <subfield code="a">unmediated</subfield>
      <subfield code="b">n</subfield>
      <subfield code="2">rdamedia</subfield>
    </datafield>
    <datafield tag="338" ind1=" " ind2=" ">
      <subfield code="a">volume</subfield>
      <subfield code="b">nc</subfield>
      <subfield code="2">rdacarrier</subfield>
    </datafield>
    <datafield tag="340" ind1=" " ind2=" ">
      <subfield code="m">4to</subfield>
      <subfield code="2">rdabf</subfield>
    </datafield>
    <datafield tag="500" ind1=" " ind2=" ">
      <subfield code="a">Place of publication and printer's name taken from VD 16.</subfield>
    </datafield>
    <datafield tag="500" ind1=" " ind2=" ">
      <subfield code="a">The coats of arms of the four counts Sayn-Wittgenstein, Solms, Winnenberg and Mansfeld appear on the title page quartered in a frame with their crests attached.</subfield>
    </datafield>
    <datafield tag="500" ind1=" " ind2=" ">
      <subfield code="a">The second part has a special title page, with continued pagination and signing.</subfield>
    </datafield>
    <datafield tag="500" ind1=" " ind2=" ">
      <subfield code="a">Signatures: a⁴ A-Z⁴ ²a-c⁴.</subfield>
    </datafield>
    <datafield tag="500" ind1=" " ind2=" ">
      <subfield code="a">With initials, tail-pieces and printed marginalia.</subfield>
    </datafield>
    <datafield tag="500" ind1=" " ind2=" ">
      <subfield code="a">Numerous pagination errors.</subfield>
    </datafield>
    <datafield tag="500" ind1=" " ind2=" ">
      <subfield code="a">Errata on leaves c3 verso and c4 recto.</subfield>
    </datafield>
    <datafield tag="505" ind1="0" ind2=" ">
      <subfield code="a">[From title page]: Part 1. Was zwischen den wolgebornen Rudolphen, Graffen zu Helfensteyn, ... Niclausen Freiherrn zu Pollweiler ... vnd dem Hochgelehrten Cyriaco Růland ... als Keis. Commissarijs, vnd dan ... Georgen von Sein, Graffen zu Witgenstein, ... Herman Adolphen, Graffen zu Solms, ... Ernsten, Graffen ... zu Manssfeld, vnd Johan Albrechten, Graffen zu Solms ... für sich ... gehandelt worden. -- Part 2. Was zwischen gemeldten Kais. Commissarien vnd einem Ersamen Rhat des Heil. Rö. Reichs Freyen Statt Strassburg verhandelt worden, ... Nebenbericht auff ermeldter Commissarien vnd der Bäpstlichen Capitularen vbergebene Schrifften.</subfield>
    </datafield>
    <datafield tag="510" ind1="4" ind2=" ">
      <subfield code="a">Ritter, F. Catalogue des livres du XVIe siècle ne figurant pas à la Bibliothèque nationale et universitaire de Strasbourg,</subfield>
      <subfield code="c">740</subfield>
    </datafield>
    <datafield tag="510" ind1="4" ind2=" ">
      <subfield code="a">Verzeichnis der im deutschen Sprachbereich erschienenen Drucke des 16. Jahrhunderts (VD 16),</subfield>
      <subfield code="c">A 154</subfield>
      <subfield code="u">https://gateway-bayern.de/VD16+A+154</subfield>
    </datafield>
    <datafield tag="610" ind1="2" ind2="0">
      <subfield code="a">Catholic Church.</subfield>
      <subfield code="b">Diocese of Strasbourg (France).</subfield>
      <subfield code="b">Cathedral Chapter.</subfield>
    </datafield>
    <datafield tag="651" ind1=" " ind2="0">
      <subfield code="a">Strasbourg (France)</subfield>
      <subfield code="x">Church history</subfield>
      <subfield code="y">16th century.</subfield>
    </datafield>
    <datafield tag="650" ind1=" " ind2="0">
      <subfield code="a">Benefices, Ecclesiastical</subfield>
      <subfield code="z">France</subfield>
      <subfield code="z">Strasbourg</subfield>
      <subfield code="x">History</subfield>
      <subfield code="y">16th century.</subfield>
    </datafield>
    <datafield tag="650" ind1=" " ind2="0">
      <subfield code="a">Canons, Cathedral, collegiate, etc.</subfield>
      <subfield code="z">France</subfield>
      <subfield code="z">Strasbourg</subfield>
      <subfield code="x">History</subfield>
      <subfield code="y">16th century.</subfield>
    </datafield>
    <datafield tag="650" ind1=" " ind2="0">
      <subfield code="a">Reformation</subfield>
      <subfield code="z">France</subfield>
      <subfield code="z">Strasbourg.</subfield>
    </datafield>
    <datafield tag="650" ind1=" " ind2="0">
      <subfield code="a">Counter-Reformation</subfield>
      <subfield code="z">France</subfield>
      <subfield code="z">Strasbourg.</subfield>
    </datafield>
    <datafield tag="600" ind1="0" ind2="0">
      <subfield code="a">Rudolf</subfield>
      <subfield code="b">II,</subfield>
      <subfield code="c">Holy Roman Emperor,</subfield>
      <subfield code="d">1552-1612.</subfield>
    </datafield>
    <datafield tag="600" ind1="1" ind2="0">
      <subfield code="a">Sayn-Wittgenstein, Georg zu,</subfield>
      <subfield code="d">1524-1588.</subfield>
    </datafield>
    <datafield tag="650" ind1=" " ind2="6">
      <subfield code="a">Bénéfices ecclésiastiques</subfield>
      <subfield code="z">France</subfield>
      <subfield code="z">Strasbourg</subfield>
      <subfield code="x">Histoire</subfield>
      <subfield code="y">16e siècle.</subfield>
    </datafield>
    <datafield tag="650" ind1=" " ind2="6">
      <subfield code="a">Réforme (Christianisme)</subfield>
      <subfield code="z">France</subfield>
      <subfield code="z">Strasbourg.</subfield>
    </datafield>
    <datafield tag="650" ind1=" " ind2="6">
      <subfield code="a">Contre-Réforme</subfield>
      <subfield code="z">France</subfield>
      <subfield code="z">Strasbourg.</subfield>
    </datafield>
    <datafield tag="650" ind1=" " ind2="6">
      <subfield code="a">Chanoines</subfield>
      <subfield code="z">France</subfield>
      <subfield code="z">Strasbourg</subfield>
      <subfield code="x">Histoire</subfield>
      <subfield code="y">16e siècle.</subfield>
    </datafield>
    <datafield tag="650" ind1=" " ind2="7">
      <subfield code="a">Counter-Reformation</subfield>
      <subfield code="2">fast</subfield>
    </datafield>
    <datafield tag="650" ind1=" " ind2="7">
      <subfield code="a">Benefices, Ecclesiastical</subfield>
      <subfield code="2">fast</subfield>
    </datafield>
    <datafield tag="650" ind1=" " ind2="7">
      <subfield code="a">Canons, Cathedral, collegiate, etc.</subfield>
      <subfield code="2">fast</subfield>
    </datafield>
    <datafield tag="650" ind1=" " ind2="7">
      <subfield code="a">Reformation</subfield>
      <subfield code="2">fast</subfield>
    </datafield>
    <datafield tag="610" ind1="2" ind2="7">
      <subfield code="a">Cathédrale de Strasbourg.</subfield>
      <subfield code="b">Chapitre</subfield>
      <subfield code="2">fast</subfield>
    </datafield>
    <datafield tag="650" ind1=" " ind2="7">
      <subfield code="a">Religion</subfield>
      <subfield code="2">fast</subfield>
    </datafield>
    <datafield tag="651" ind1=" " ind2="7">
      <subfield code="a">France</subfield>
      <subfield code="z">Strasbourg</subfield>
      <subfield code="2">fast</subfield>
      <subfield code="1">https://id.oclc.org/worldcat/entity/E39PBJgcX4dPjrXkPBRvC3Tyh3</subfield>
    </datafield>
    <datafield tag="648" ind1=" " ind2="7">
      <subfield code="a">1500-1599</subfield>
      <subfield code="2">fast</subfield>
    </datafield>
    <datafield tag="655" ind1=" " ind2="7">
      <subfield code="a">History</subfield>
      <subfield code="2">fast</subfield>
    </datafield>
    <datafield tag="655" ind1=" " ind2="7">
      <subfield code="a">Church history</subfield>
      <subfield code="2">fast</subfield>
    </datafield>
    <datafield tag="700" ind1="1" ind2=" ">
      <subfield code="a">Jobin, Bernhard,</subfield>
      <subfield code="d">approximately 1545-1593,</subfield>
      <subfield code="e">printer.</subfield>
      <subfield code="4">prt</subfield>
      <subfield code="1">https://id.oclc.org/worldcat/entity/E39PCjBCmDWpQ99R3PYp98GKtX</subfield>
    </datafield>
    <datafield tag="740" ind1="0" ind2=" ">
      <subfield code="a">Acta vnd Handlungen Der Key. May. Commissarien, vnd eines Ersamen Rhats der Statt Strassburg, belangend der Euangelischen Capitularn, im hohen Stifft daselbsten verbannung, vnd gesuchte aussweissung, vnd abschaffungen. Mit kurtzen Neben Bericht oder  Glossa, auff der Key. May. Commissarien handlungen, deren vberschrifft auff der andern seithen dieses Blats zufinden.</subfield>
    </datafield>
    <datafield tag="752" ind1=" " ind2=" ">
      <subfield code="a">France</subfield>
      <subfield code="d">Strasbourg,</subfield>
      <subfield code="e">publication place.</subfield>
      <subfield code="4">pup</subfield>
    </datafield>
    <datafield tag="758" ind1=" " ind2=" ">
      <subfield code="i">has work:</subfield>
      <subfield code="a">Acta und Handlungen der Kaiser naher Straßburg verordneter Commissarien, belangend der Evangel. Capitularn auß und Abschaffung, inn zwey Theyl getheylet (Text)</subfield>
      <subfield code="1">https://id.oclc.org/worldcat/entity/E39PCFGgx7JWJWyVrXqmTfcCcd</subfield>
      <subfield code="4">https://id.oclc.org/worldcat/ontology/hasWork</subfield>
    </datafield>
  </record>